00667nam a2200217Ia 450000500170000000800410001702000180005804000180007604100080009408200210010210000150012324500500013825000120018826000710020030000290027165000260030065000360032665000400036265000230040265000240042520241125104417.0210716s2008 xx 000 0 und d a9789389307535 cAIMIT LIBRARY aeng a005.74 22bGILP aGill, P S. aDatabase management systems /cBy P. S. Gill. a2nd ed. aNew Delhi :bI K International Publishing House Pvt Ltd. ,c2008 . axiv, 294p. ;bPBc23 cm. aRelational data model aTransaction processing concepts aNormalization of relational schemas aRelational algebra aConcurrency control